000 00740cam a22002653a 4500
001 18346
003 PGUSA
005 20140828083406.0
008 060508s2006||||xxu|||||s|||||000 1 eng d
040 _aPGUSA
_beng
042 _adc
050 4 _aPS
100 1 _aPiper, H. Beam,
_d1904-1964
245 1 0 _aNull-ABC
_h[electronic resource] /
_cH. Beam Piper
260 _bProject Gutenberg,
_c2006
506 _aPublic domain in the USA.
516 _aElectronic text
653 _aNuclear warfare -- Social aspects -- Fiction
653 _aLiteracy -- Fiction
653 _aScience fiction
700 1 _aDongen, H. R. van
830 0 _aProject Gutenberg
_v18346
856 4 0 _uhttp://www.gutenberg.org/ebooks/18346
942 _cEB
999 _c247601
_d247601